Statistics for Flags of Countries in the World Cup of 1974

Click here to take the quiz!

General Stats

  • This quiz has been taken 101 times
  • The average score is 15 of 16

Answer Stats

Answer% Correct
Brazil
100%
Netherlands
100%
Poland
100%
Sweden
100%
Argentina
99%
Chile
98%
Italy
98%
Scotland
98%
Uruguay
98%
West Germany
98%
Australia
96%
East Germany
95%
Bulgaria
94%
Yugoslavia
93%
Haiti
80%
Zaire
76%

Score Distribution

Percentile by Number Answered

Percent of People with Each Score

Your Score History

You have not taken this quiz